| 000 | 00441nam a22001817a 4500 | ||
|---|---|---|---|
| 003 | Ost | ||
| 005 | 20200508110043.0 | ||
| 008 | 200508b ||||| |||| 00| 0 eng d | ||
| 020 | _a0078228107 | ||
| 040 | _cBT-PhCST | ||
| 050 | _a0 | ||
| 082 |
_222 _a808.042 |
||
| 100 | _aNA | ||
| 245 |
_aWriter choice : _bgrammar and composition / |
||
| 260 |
_bGlencoe Mc Graw Hill, _cc2001 |
||
| 300 |
_axxvii, 690 p, ; _bNA _c24 cm. |
||
| 942 |
_2ddc _cENG |
||
| 999 |
_c3819 _d3819 |
||